Biblioteca y Centro de Documentación

Anuario internacional 2012 sobre prevención de riesgos psicosociales y calidad de vida en el trabajo (Registro nro. 24872)

Detalles MARC
000 -CABECERA
Longitud fija campo de control 02627nam a2200553 c 4500
001 - NÚMERO DE CONTROL
Número de control 24872
003 - IDENTIFICADOR DE NÚMERO DE CONTROL
Identificador del número de control ES-MaCES
005 - FECHA Y HORA DE LA ÚLTIMA TRANSACCIÓN
Fecha y hora de la última transacción 20141221122931.0
008 - CAMPO FIJO DE DESCRIPCIÓN FIJA--INFORMACIÓN GENERAL
Códigos de información de longitud fija   130221s2012 sp t 000 | spa d
017 ## - NÚMERO DE REGISTRO DE DERECHOS DE AUTOR Y DEPÓSITO LEGAL
Número de copyright o de depósito legal J 1287-2011
Agencia que asigna el número DL
035 ## - NÚMERO DE CONTROL DEL SISTEMA
Número de control del sistema CES20130000594m
040 ## - FUENTE DE CATALOGACIÓN
Centro catalogador de origen ES-MaCES
Lengua de catalogación spa
Centro transcriptor ES-MaCES
041 0# - CÓDIGO DE IDIOMA
Código de lengua del texto;banda sonora o título independiente spa
-- eng
245 00 - MENCIÓN DE TÍTULO
Título Anuario internacional 2012 sobre prevención de riesgos psicosociales y calidad de vida en el trabajo
Resto del título : el papel de la inspección de trabajo en la evaluación de riesgos psicosociales : avances y resistencias desde una perspectiva europea = International yearbook 2012 : prevention on psychosocial risks and quality of life at work : labour inspection and psychosocial risk assessment : progress and resistance from a European perspective
Mención de responsabilidad, etc. [dir., Marisa Rufino San José ; coord., Cristóbal Molina Navarrete, Emilio González Vicente ; autores, Forastieri, Valentina ... et al.; este doc. ha sido preparado por la Universidad de Jaén para la Secretaría de Salud Laboral de UGT-CEC]
260 ## - PUBLICACIÓN, DISTRIBUCIÓN, ETC (PIE DE IMPRENTA)
Lugar de publicación, distribución, etc. [Madrid]
Nombre del editor, distribuidor, etc. Secretaría de Salud Laboral de la UGT-CEC
Fecha de publicación, distribución, etc. [2012]
300 ## - DESCRIPCIÓN FÍSICA
Extensión 179 p. dup.
Dimensiones 22 x 22 cm
Material anejo 1 CD-ROM
500 ## - NOTA GENERAL
Nota general Publ. simultáneamente en CD-ROM
500 ## - NOTA GENERAL
Nota general En la cub.: Observatorio de Riesgos Psicosociales UGT
500 ## - NOTA GENERAL
Nota general Texto en español e inglés
504 ## - NOTA DE BIBLIOGRAFÍA, ETC.
Nota de bibliografía, etc. Bibliografía
541 ## - NOTA DE LA FUENTE INMEDIANTE DE ADQUISICIÓN
Forma de adquisición Gratuito
650 #4 - ASIENTO SECUNDARIO DE MATERIA--TÉRMINO DE MATERIA
Término de materia o nombre geográfico como elemento inicial CD ROM
9 (RLIN) 30331
650 #4 - ASIENTO SECUNDARIO DE MATERIA--TÉRMINO DE MATERIA
Término de materia o nombre geográfico como elemento inicial 2012
9 (RLIN) 31808
650 #4 - ASIENTO SECUNDARIO DE MATERIA--TÉRMINO DE MATERIA
Término de materia o nombre geográfico como elemento inicial anuario
9 (RLIN) 28963
650 #4 - ASIENTO SECUNDARIO DE MATERIA--TÉRMINO DE MATERIA
Término de materia o nombre geográfico como elemento inicial estudio de casos
9 (RLIN) 28846
650 #4 - ASIENTO SECUNDARIO DE MATERIA--TÉRMINO DE MATERIA
Término de materia o nombre geográfico como elemento inicial Europa
9 (RLIN) 26940
650 #4 - ASIENTO SECUNDARIO DE MATERIA--TÉRMINO DE MATERIA
Término de materia o nombre geográfico como elemento inicial España
9 (RLIN) 26964
650 #4 - ASIENTO SECUNDARIO DE MATERIA--TÉRMINO DE MATERIA
Término de materia o nombre geográfico como elemento inicial repertorio de recomendaciones prácticas
9 (RLIN) 29261
650 #4 - ASIENTO SECUNDARIO DE MATERIA--TÉRMINO DE MATERIA
Término de materia o nombre geográfico como elemento inicial papel de la OIT
9 (RLIN) 29112
650 #4 - ASIENTO SECUNDARIO DE MATERIA--TÉRMINO DE MATERIA
Término de materia o nombre geográfico como elemento inicial evaluación del impacto
9 (RLIN) 30732
650 #4 - ASIENTO SECUNDARIO DE MATERIA--TÉRMINO DE MATERIA
Término de materia o nombre geográfico como elemento inicial inspección del trabajo
9 (RLIN) 28213
650 #4 - ASIENTO SECUNDARIO DE MATERIA--TÉRMINO DE MATERIA
Término de materia o nombre geográfico como elemento inicial calidad de la vida de trabajo
9 (RLIN) 30024
650 #4 - ASIENTO SECUNDARIO DE MATERIA--TÉRMINO DE MATERIA
Término de materia o nombre geográfico como elemento inicial ambiente de trabajo
9 (RLIN) 29086
650 #4 - ASIENTO SECUNDARIO DE MATERIA--TÉRMINO DE MATERIA
Término de materia o nombre geográfico como elemento inicial estrés
9 (RLIN) 31076
650 #4 - ASIENTO SECUNDARIO DE MATERIA--TÉRMINO DE MATERIA
Término de materia o nombre geográfico como elemento inicial tensión psicológica
9 (RLIN) 28344
650 #4 - ASIENTO SECUNDARIO DE MATERIA--TÉRMINO DE MATERIA
Término de materia o nombre geográfico como elemento inicial seguridad en el trabajo
9 (RLIN) 28348
650 #4 - ASIENTO SECUNDARIO DE MATERIA--TÉRMINO DE MATERIA
Término de materia o nombre geográfico como elemento inicial salud en el trabajo
9 (RLIN) 28347
653 10 - TÉRMINO DE INDEXACIÓN--NO CONTROLADO
Término no controlado Salud
700 1# - ENCABEZAMIENTO SECUNDARIO--NOMBRE PERSONAL
Nombre de persona González Vicente, Emilio
Término indicativo de función col.
9 (RLIN) 13924
700 1# - ENCABEZAMIENTO SECUNDARIO--NOMBRE PERSONAL
Nombre de persona Molina Navarrete, Cristóbal
Término indicativo de función col.
9 (RLIN) 18784
700 1# - ENCABEZAMIENTO SECUNDARIO--NOMBRE PERSONAL
Nombre de persona Rufino San José, Marisa
Término indicativo de función dir.
9 (RLIN) 22804
700 1# - ENCABEZAMIENTO SECUNDARIO--NOMBRE PERSONAL
Nombre de persona Forastieri, Valentina
9 (RLIN) 12274
710 2# - ENCABEZAMIENTO SECUNDARIO--NOMBRE CORPORATIVO
Nombre de entidad o nombre de jurisdicción como elemento inicial Universidad de Jaén
9 (RLIN) 5289
710 2# - ENCABEZAMIENTO SECUNDARIO--NOMBRE CORPORATIVO
Nombre de entidad o nombre de jurisdicción como elemento inicial Unión General de Trabajadores de España
Unidad subordinada Secretaría de Salud Laboral
Término indicativo de función ed.
9 (RLIN) 5163
787 0# - ENTRADA DE OTRAS ESPECIFICACIONES
Título Anuario internacional 2011 sobre prevención de riesgos psicosociales y calidad de vida en el trabajo
Número de control del registro relacionado (ES-MaCES)24339
902 ## - CES. TIPO DE DOCUMENTO
Tipodoc (006$c Sirtex) LIB Libro
942 ## - ELEMENTOS KOHA
Fuente de clasificaión o esquema Clasificación propia del CES
Koha [por defecto] tipo de item Monografías
Parte de clasificación 3.1.
Existencias
Número de registro Signatura completa Tipo de item de Koha
082805 SR-CD-1086 Monografías
082814 DPT-12892 Monografías
© CES, Consejo Económico y Social de España 2021